MARC

LEADER 00000nam0a2200000 4500
001 121846
005 20231101215715.0
035 |a (RuTPU)RU\TPU\book\131953 
090 |a 121846 
100 |a 20070921d1979 k y0rusy50 ca 
101 0 |a rus 
102 |a RU 
105 |a y z 001zy 
200 1 |a Условно-корректные математические задачи и проблемы геофизики  |e сборник научных трудов  |f Академия наук СССР, Сибирское отделение, Вычислительный центр ; под ред. М. М. Лаврентьева 
210 |a Новосибирск  |c Изд-во СО АН СССР  |d 1979 
215 |a 156 с. 
320 |9 572  |a Библиогр. в конце ст. 
606 1 |a Геофизика  |x Математические методы  |2 stltpush  |3 (RuTPU)RU\TPU\subj\6250  |9 34179 
610 1 |a условно-корректные задачи 
610 1 |a интегральная геометрия 
610 1 |a устойчивость 
610 1 |a обратные задачи 
610 1 |a рассеяние 
610 1 |a сейсмика 
610 1 |a операторные уравнения 
610 1 |a нейтрон-нейтронный каротаж 
675 |a 550.3:51  |v 3 
702 1 |a Лаврентьев  |b М. М.  |4 340 
712 0 2 |a Академия наук СССР  |b Сибирское отделение  |b Вычислительный центр  |c (Новосибирск)  |2 stltpush  |3 (RuTPU)RU\TPU\col\11456  |9 25110 
801 1 |a RU  |b 63413507  |c 20070919  |g PSBO 
801 2 |a RU  |b 63413507  |c 20201222  |g PSBO 
942 |c BK